| 000 | 00685nam a2200205 i 4500 | ||
|---|---|---|---|
| 001 | 40391 | ||
| 003 | ES-MaACL | ||
| 005 | 20250626063138.0 | ||
| 007 | t| | ||
| 008 | 030306s1945 sp ||||1| spa d | ||
| 100 | 1 |
_aCardenal y Pujals, León, _d1878-1960 _935129 |
|
| 245 | 1 | 0 |
_aDiccionario terminológico de ciencias médicas / _cLeón Cardenal ; edición de E. Capdevila Casas. |
| 250 | _a3ª ed. | ||
| 260 |
_aBarcelona : _bSalvat, _c1945 ( _fImp. Hispano-Americana) |
||
| 300 |
_aIX, 1324 p., 18 lám. ; _c26 cm. |
||
| 650 | 0 | 4 |
_aMedicina- _vDiccionarios. _914897 |
| 700 | 1 |
_aCapdevila Casas, E. _934801 |
|
| 852 |
_aES-MaACL _jE-69 _bR.21633 |
||
| 999 |
_c40391 _d40391 |
||